00701nam a2200181 a 4500008004100000050001800041100002300059245003400082246002500116260005400141300001400195350000900209650002900218650001500247995010600262999001700368952013400385120416s1980 ||||||||||||||||| || u aHD 69.P75 Mon aMontgomery, John D10aIntegration rural development aviews from the field a(Cambridge, Mass.)bHavard University Pressc1980 a38p : ill a0.00 aRURAL DEVELOPMENT--KENYA 0aMANAGEMENT D0.00FCBU-MAIN LIBRARY (Kitwe)H1I0.00M1UWEEDEDVAug 30, 2017ZMain Library Open Access Collection c47165d47165 00102lcc4070a001b001cMain Library Open Access Collectiond2022-11-30l0oHD 69.P75 Monp018417r2022-11-30w2022-11-30y002